[Event "Millionaire Chess KO 2014"]
[Site "Las Vegas USA"]
[Date "2014.10.13"]
[Round "1.1"]
[White "Yu, Yangyi"]
[Black "Robson, Ray"]
[Result "0-1"]
[WhiteTitle "GM"]
[BlackTitle "GM"]
[WhiteElo "2697"]
[BlackElo "2628"]
[WhiteFideId "8603820"]
[BlackFideId "2023970"]
[EventDate "2014.10.13"]

1. e4 c5 2. Nf3 d6 3. d4 cxd4 4. Nxd4 Nf6 5. Nc3 a6 6. Bg5 e6 7. f4 h6 8. Bh4
Qb6 9. Qd2 Qxb2 10. Rb1 Qa3 11. e5 dxe5 12. fxe5 g5 13. exf6 gxh4 14. Be2 Nd7
15. O-O Qa5 16. Kh1 Qg5 17. Qe1 Nxf6 18. Nf3 Qc5 19. Na4 Qc7 20. Nb6 Rb8 21.
Qxh4 Be7 22. Qd4 Rg8 23. Ne5 Rg5 24. Ng4 Nxg4 25. Bxg4 f5 26. Bxf5 exf5 27. Rbe1
Kf8 28. Qh8+ Rg8 29. Qxh6+ Rg7 30. Nxc8 Qxc2 31. Qh8+ Rg8 32. Qh3 Rxc8 33. Rxf5+
Ke8 34. Qh5+ Kd8 35. Rd5+ Kc7 36. Qe5+ Kb6 37. Re2 Qb1+ 38. Re1 Qxa2 39. Qe4 Qc2
40. Rb1+ Ka7 41. Rxb7+ Ka8 42. Qf3 Qxg2+ 43. Qxg2 Rc1+ 0-1

[Event "Millionaire Chess KO 2014"]
[Site "Las Vegas USA"]
[Date "2014.10.13"]
[Round "1.2"]
[White "Robson, Ray"]
[Black "Yu, Yangyi"]
[Result "1/2-1/2"]
[WhiteTitle "GM"]
[BlackTitle "GM"]
[WhiteElo "2628"]
[BlackElo "2697"]
[WhiteFideId "2023970"]
[BlackFideId "8603820"]
[EventDate "2014.10.13"]

1. e4 c5 2. Nf3 e6 3. d4 cxd4 4. Nxd4 Nc6 5. Nc3 Qc7 6. Be3 a6 7. Qd2 Nf6 8. f4
Bb4 9. Bd3 Na5 10. a3 Bxc3 11. Qxc3 Qxc3+ 12. bxc3 d5 13. e5 Ne4 14. Nb3 Nc4 15.
Bxc4 dxc4 16. Na5 Bd7 17. Bd4 b5 18. Ke2 O-O-O 19. a4 Rhg8 20. axb5 Bxb5 21. Kf3
f5 22. exf6 Nxf6 23. Rhe1 Rde8 24. Be5 Rgf8 25. Rad1 Rf7 26. Rd6 Nd5 27. Re4 Rc7
28. Bd4 Rf7 29. Be5 g5 30. Nxc4 Nxf4 31. Bxf4 Rxf4+ 32. Rxf4 gxf4 33. Na3 Kc7
34. Nxb5+ axb5 35. Rd2 e5 36. Ke4 Kc6 37. h4 Re6 38. Rd5 Rg6 39. Rxe5 Rxg2 40.
Rh5 Rxc2 41. Kd3 Rh2 42. Rxh7 Rh3+ 43. Kd4 f3 44. Rh6+ Kc7 45. Kc5 f2 46. Rh7+
Kd8 47. Rf7 Rxc3+ 48. Kxb5 Rc2 49. Kb4 Ke8 50. Rf4 Ke7 51. Kb3 Re2 52. Kc3 Re3+
53. Kd2 Rh3 54. Rxf2 Rxh4 55. Ke3 Ke6 56. Rf4 Rxf4 57. Kxf4 1/2-1/2